亚洲所有一级行政区 All First-Level Subdivisions of Asia [Chinese Ver.] - Statistics

General Stats
  • This quiz has been taken 23 times
  • The average score is 201 of 1010
Answers on the Map
Answers color-coded by a green-red scale on the quiz's map according to % correct below.
 
Answer Stats
国家 区划类型 行政区划 % Correct
巴林 北部
100%
中华人民共和国 直辖市 北京
100%
中华人民共和国 直辖市 重庆
100%
中华人民共和国 直辖市 天津
100%
中华人民共和国 甘肃
100%
中华人民共和国 广东
100%
中华人民共和国 海南
100%
中华人民共和国 河北
100%
中华人民共和国 黑龙江
100%
中华人民共和国 河南
100%
中华人民共和国 吉林
100%
中华人民共和国 辽宁
100%
中华人民共和国 青海
100%
中华人民共和国 陕西
100%
中华人民共和国 山东
100%
中华人民共和国 四川
100%
中华人民共和国 云南
100%
中华人民共和国 自治区 广西
100%
中华人民共和国 自治区 内蒙古
100%
中华人民共和国 自治区 西藏
100%
中华人民共和国 自治区 新疆
100%
中华人民共和国 特别行政区 香港
100%
中华人民共和国 特别行政区 澳门
100%
以色列 北部
100%
日本 北海道
100%
日本 东京
100%
蒙古 东方
100%
巴基斯坦 地区 吉尔吉特-巴尔蒂斯坦
100%
卡塔尔 北部
100%
卡塔尔 西部
100%
沙特阿拉伯 东部
100%
沙特阿拉伯 北部边疆
100%
斯里兰卡 东方
100%
斯里兰卡 北方
100%
斯里兰卡 西方
100%
中华民国 直辖市 台北
100%
巴林 南部
93%
中华人民共和国 直辖市 上海
93%
中华人民共和国 安徽
93%
中华人民共和国 福建
93%
中华人民共和国 贵州
93%
中华人民共和国 湖北
93%
中华人民共和国 湖南
93%
中华人民共和国 江苏
93%
中华人民共和国 江西
93%
中华人民共和国 山西
93%
中华人民共和国 浙江
93%
中华人民共和国 自治区 宁夏
93%
以色列 南部
93%
日本 京都
93%
日本 大阪
93%
斯里兰卡 南方
93%
中华民国 直辖市 高雄
93%
中华民国 直辖市 台中
93%
泰国 直辖市 曼谷
93%
日本 千叶
86%
朝鲜 直辖市 平壤
86%
韩国 特别市 首尔
86%
中华民国 直辖市 台南
86%
印度 中央直辖区 德里
79%
新加坡 社区发展理事会 中区
79%
韩国 特别自治道 济州
79%
斯里兰卡 中央
79%
中华民国 台东
79%
越南 直辖市 河内
79%
日本 爱知
71%
日本 广岛
71%
日本 熊本
71%
日本 长崎
71%
日本 冲绳
71%
蒙古 乌兰巴托
71%
菲律宾 大区 国家首都
71%
韩国 广域市 釜山
71%
中华民国 省辖市 新竹
71%
中华民国 省辖市 基隆
71%
中华民国 新竹
71%
越南 直辖市 胡志明
71%
不丹 哈阿
64%
印度 北方
64%
伊朗 德黑兰
64%
日本 福岛
64%
日本 鹿儿岛
64%
日本 神奈川
64%
日本 三重
64%
日本 奈良
64%
日本 静冈
64%
日本 山梨
64%
哈萨克斯坦 直辖市 阿拉木图
64%
哈萨克斯坦 直辖市 阿斯塔纳
64%
哈萨克斯坦 阿克莫拉
64%
哈萨克斯坦 阿拉木图
64%
缅甸 仰光
64%
俄罗斯 萨哈林
64%
韩国 广域市 仁川
64%
中华民国 省辖市 嘉义
64%
中华民国 嘉义
64%
中华民国 金门
64%
中华民国 澎湖
64%
中华民国 直辖市 新北
64%
中华民国 直辖市 桃园
64%
阿拉伯联合酋长国 酋长国 阿布扎比
64%
阿塞拜疆 巴库
57%
柬埔寨 金边
57%
印度尼西亚 东爪哇
57%
印度尼西亚 东加里曼丹
57%
印度尼西亚 雅加达
57%
印度尼西亚 西爪哇
57%
印度尼西亚 西加里曼丹
57%
以色列 海法
57%
日本 青森
57%
日本 爱媛
57%
日本 福冈
57%
日本 兵库
57%
日本 埼玉
57%
日本 德岛
57%
日本 鸟取
57%
日本 和歌山
57%
老挝 万象
57%
老挝 万象
57%
马尔代夫 环礁 马累
57%
马尔代夫 马累
57%
缅甸
57%
巴基斯坦 地区 伊斯兰堡首都区
57%
俄罗斯 自治区 楚科奇
57%
俄罗斯 自治州 犹太
57%
俄罗斯 新西伯利亚
57%
俄罗斯 边疆区 滨海
57%
韩国 广域市 大邱
57%
韩国 广域市 光州
57%
韩国 京畿
57%
韩国 特别自治道 全北
57%
韩国 全罗南
57%
中华民国 彰化
57%
中华民国 花莲
57%
中华民国 屏东
57%
泰国 清迈
57%
泰国 普吉
57%
土耳其 伊斯坦布尔
57%
阿拉伯联合酋长国 酋长国 迪拜
57%
乌兹别克斯坦 塔什干
57%
乌兹别克斯坦 塔什干
57%
印度 阿萨姆
50%
印度 果阿
50%
印度 中央
50%
印度尼西亚 中加里曼丹
50%
印度尼西亚 北加里曼丹
50%
印度尼西亚 南加里曼丹
50%
伊朗 中央
50%
伊拉克 巴格达
50%
以色列 中央
50%
日本 秋田
50%
日本 香川
50%
日本 高知
50%
日本 长野
50%
日本 新潟
50%
日本 岛根
50%
日本 山形
50%
日本 山口
50%
科威特 首都
50%
马来西亚 槟城
50%
马来西亚 联邦直辖区 吉隆坡
50%
蒙古 中央
50%
缅甸
50%
尼泊尔 中央
50%
朝鲜 咸镜北
50%
朝鲜 咸镜南
50%
阿曼 东北
50%
阿曼 东南
50%
巴基斯坦 开伯尔-普赫图赫瓦
50%
俄罗斯 共和国 萨哈
50%
俄罗斯 共和国 图瓦
50%
沙特阿拉伯 麦加
50%
新加坡 社区发展理事会 东北区
50%
新加坡 社区发展理事会 西北区
50%
新加坡 社区发展理事会 东南区
50%
新加坡 社区发展理事会 西南区
50%
韩国 广域市 大田
50%
斯里兰卡 西北
50%
中华民国 连江
50%
中华民国 宜兰
50%
土耳其 安卡拉
50%
越南 直辖市 海防
50%
阿富汗 喀布尔
43%
孟加拉国 专区 吉大港
43%
孟加拉国 专区 达卡
43%
印度 西孟加拉
43%
印度 中央直辖区 安达曼和尼科巴群岛
43%
印度 中央直辖区 查谟和克什米尔
43%
印度尼西亚 巴厘
43%
印度尼西亚 中爪哇
43%
印度尼西亚 中苏拉威西
43%
印度尼西亚 北苏拉威西
43%
印度尼西亚 南苏拉威西
43%
印度尼西亚 南苏门答腊
43%
印度尼西亚 西苏拉威西
43%
印度尼西亚 西苏门答腊
43%
伊拉克 巴士拉
43%
以色列 耶路撒冷
43%
日本 群马
43%
日本 岩手
43%
日本 宫崎
43%
日本 大分
43%
日本 冈山
43%
日本 栃木
43%
吉尔吉斯斯坦 比什凯克
43%
老挝 琅勃拉邦
43%
马来西亚 砂拉越
43%
缅甸 曼德勒
43%
朝鲜 特别市 开城
43%
朝鲜 特别市 罗先
43%
巴勒斯坦 耶路撒冷
43%
俄罗斯 边疆区 勘察加
43%
俄罗斯 边疆区 哈巴罗夫斯克
43%
沙特阿拉伯 利雅得
43%
韩国 广域市 蔚山
43%
韩国 忠清北
43%
韩国 忠清南
43%
韩国 特别自治市 世宗
43%
中华民国 苗栗
43%
中华民国 南投
43%
中华民国 云林
43%
塔吉克斯坦 直辖市 杜尚别
43%
泰国 来兴
43%
越南 直辖市 岘港
43%
越南 直辖市 顺化
43%
越南 奠边
43%
亚美尼亚 埃里温
36%
巴林 首都
36%
柬埔寨 西哈努克
36%
印度 阿鲁纳恰尔
36%
印度尼西亚 北苏门答腊
36%
伊朗 锡斯坦-俾路支斯坦
36%
日本 福井
36%
日本 岐阜
36%
日本 茨城
36%
日本 宫城
36%
日本 佐贺
36%
日本 滋贺
36%
日本 富山
36%
马来西亚 沙巴
36%
缅甸 克钦
36%
缅甸 联邦区 内比都
36%
朝鲜 慈江
36%
朝鲜 江原
36%
朝鲜 黄海北
36%
朝鲜 平安北
36%
朝鲜 两江
36%
朝鲜 黄海南
36%
朝鲜 平安南
36%
朝鲜 特别市 南浦
36%
阿曼 马斯喀特
36%
巴基斯坦 俾路支
36%
巴勒斯坦 地区 加沙地带
36%
卡塔尔 多哈
36%
俄罗斯 伊尔库茨克
36%
俄罗斯 共和国 阿尔泰
36%
俄罗斯 共和国 布里亚特
36%
俄罗斯 边疆区 阿尔泰
36%
沙特阿拉伯 麦地那
36%
韩国 庆尚北
36%
韩国 庆尚南
36%
韩国 特别自治道 江原
36%
叙利亚 阿勒颇
36%
叙利亚 大马士革
36%
土耳其 阿勒
36%
土耳其 伊兹密尔
36%
土库曼斯坦 阿什哈巴德
36%
越南 金瓯
36%
越南 谅山
36%
越南 老街
36%
越南 太原
36%
阿富汗 坎大哈
29%
澳大利亚 海外领地 圣诞岛
29%
阿塞拜疆 哈萨克
29%
不丹 廷布
29%
塞浦路斯 尼科西亚
29%
埃及 北西奈
29%
埃及 南西奈
29%
格鲁吉亚 第比利斯
29%
印度 古吉拉特
29%
印度 马哈拉施特拉
29%
印度 旁遮普
29%
印度 拉贾斯坦
29%
印度 锡金
29%
印度 泰米尔纳德
29%
印度 中央直辖区 拉达克
29%
印度 中央直辖区 本地治里
29%
印度尼西亚 巴布亚
29%
伊朗 东阿塞拜疆
29%
伊朗 伊斯法罕
29%
以色列 特拉维夫
29%
日本 石川
29%
约旦 安曼
29%
黎巴嫩 贝鲁特
29%
马来西亚 柔佛
29%
蒙古 东戈壁
29%
蒙古 南戈壁
29%
阿曼 中部
29%
巴基斯坦 旁遮普
29%
巴基斯坦 信德
29%
俄罗斯 阿穆尔
29%
俄罗斯 秋明
29%
俄罗斯 边疆区 克拉斯诺亚尔斯克
29%
泰国 清莱
29%
泰国 春武里
29%
阿拉伯联合酋长国 酋长国 沙迦
29%
乌兹别克斯坦 撒马尔罕
29%
越南 直辖市 芹苴
29%
也门 萨那
29%
也门 萨那
29%
阿富汗 赫拉特
21%
澳大利亚 海外领地 科科斯群岛
21%
文莱 文莱-摩拉
21%
柬埔寨 暹粒
21%
东帝汶 帝力
21%
格鲁吉亚 自治共和国 阿布哈兹
21%
印度 喜马偕尔
21%
印度 喀拉拉
21%
印度 曼尼普尔
21%
印度 奥里萨
21%
印度尼西亚 中巴布亚
21%
印度尼西亚 南巴布亚
21%
印度尼西亚 西巴布亚
21%
伊朗 库尔德斯坦
21%
伊朗 西阿塞拜疆
21%
伊拉克 尼尼微
21%
伊拉克 地方政府 库尔德
21%
哈萨克斯坦 江布尔
21%
马来西亚 霹雳
21%
马来西亚 雪兰莪
21%
马来西亚 登嘉楼
21%
蒙古 科布多
21%
缅甸
21%
巴勒斯坦 伯利恒
21%
俄罗斯 马加丹
21%
塔吉克斯坦 自治州 戈尔诺-巴达赫尚
21%
泰国 武里南
21%
泰国 北柳
21%
泰国 北大年
21%
泰国 大城
21%
泰国 宋卡
21%
越南 北宁
21%
越南 广宁
21%
也门 亚丁
21%
阿富汗 巴达赫尚
14%
阿富汗 巴米扬
14%
阿塞拜疆 共和国 纳希切万
14%
柬埔寨 菩萨
14%
印度 比哈尔
14%
印度 卡纳塔克
14%
印度 米佐拉姆
14%
印度 特伦甘纳
14%
印度尼西亚 马鲁古
14%
印度尼西亚 东南苏拉威西
14%
伊朗 吉兰
14%
伊朗 胡齐斯坦
14%
伊朗 库姆
14%
伊朗 呼罗珊
14%
哈萨克斯坦 直辖市 拜科努尔
14%
哈萨克斯坦 直辖市 奇姆肯特
14%
哈萨克斯坦 阿克托别
14%
哈萨克斯坦 东哈萨克斯坦
14%
哈萨克斯坦 杰特苏
14%
哈萨克斯坦 卡拉干达
14%
哈萨克斯坦 北哈萨克斯坦
14%
哈萨克斯坦 图尔克斯坦
14%
哈萨克斯坦 西哈萨克斯坦
14%
吉尔吉斯斯坦 楚河
14%
马来西亚 吉打
14%
马来西亚 吉兰丹
14%
马来西亚 马六甲
14%
马来西亚 森美兰
14%
马来西亚 彭亨
14%
马来西亚 玻璃市
14%
马来西亚 联邦直辖区 纳闽
14%
马来西亚 联邦直辖区 布城
14%
蒙古 巴彦洪格尔
14%
蒙古 戈壁阿尔泰
14%
蒙古 苏赫巴托尔
14%
缅甸 伊洛瓦底
14%
缅甸 实皆
14%
缅甸 克耶
14%
缅甸 克伦
14%
缅甸 若开
14%
阿曼 北巴提奈
14%
阿曼 南巴提奈
14%
俄罗斯 自治区 亚马尔-涅涅茨
14%
俄罗斯 车里雅宾斯克
14%
俄罗斯 鄂木斯克
14%
叙利亚 伊德利卜
14%
泰国 红统
14%
泰国 孔敬
14%
泰国 甲米
14%
泰国
14%
泰国 暖武里
14%
泰国 罗勇
14%
泰国 四色菊
14%
土耳其
14%
土库曼斯坦 马雷
14%
乌兹别克斯坦 布哈拉
14%
乌兹别克斯坦 花剌子模
14%
越南 高平
14%
越南 莱州
14%
越南 林同
14%
越南 广义
14%
越南 山罗
14%
越南 西宁
14%
越南 清化
14%
越南 宣光
14%
也门 索科特拉
14%
阿富汗 昆都士
7%
孟加拉国 专区 巴里萨尔
7%
孟加拉国 专区 库尔纳
7%
孟加拉国 专区 迈门辛
7%
孟加拉国 专区 拉杰沙希
7%
孟加拉国 专区 朗布尔
7%
孟加拉国 专区 锡尔赫特
7%
不丹 帕罗
7%
不丹 塔希央奇
7%
不丹 塔希冈
7%
文莱 马来奕
7%
文莱 淡布隆
7%
文莱 都东
7%
柬埔寨 马德望
7%
柬埔寨 白马
7%
柬埔寨 桔井
7%
格鲁吉亚 姆茨赫塔-姆季阿涅季
7%
印度 安得拉
7%
印度 切蒂斯格尔
7%
印度 哈里亚纳
7%
印度 贾坎德
7%
印度 梅加拉亚
7%
印度 那加兰
7%
印度 特里普拉
7%
印度 北阿肯德
7%
印度 中央直辖区 昌迪加尔
7%
印度 中央直辖区 达德拉和纳加尔哈维利和达曼和第乌
7%
印度 中央直辖区 拉克沙群岛
7%
印度尼西亚 亚齐
7%
印度尼西亚 邦加-勿里洞群岛
7%
印度尼西亚 万丹
7%
印度尼西亚 东努沙登加拉
7%
印度尼西亚 北马鲁古
7%
印度尼西亚 廖内
7%
印度尼西亚 廖内群岛
7%
印度尼西亚 西南巴布亚
7%
印度尼西亚 日惹
7%
印度尼西亚 西努沙登加拉
7%
伊朗 阿尔达比勒
7%
伊朗 布什尔
7%
伊朗 霍尔木兹甘
7%
伊朗 克尔曼
7%
伊朗 马赞德兰
7%
伊朗 北呼罗珊
7%
伊朗 南呼罗珊
7%
伊拉克 巴比伦
7%
约旦 亚喀巴
7%
约旦 马安
7%
哈萨克斯坦 阿特劳
7%
哈萨克斯坦 科斯塔奈
7%
哈萨克斯坦 曼格斯套
7%
哈萨克斯坦 巴甫洛达尔
7%
吉尔吉斯斯坦 奥什
7%
吉尔吉斯斯坦 贾拉拉巴德
7%
吉尔吉斯斯坦 奥什
7%
吉尔吉斯斯坦 塔拉斯
7%
老挝 阿速坡
7%
老挝 占巴塞
7%
老挝 琅南塔
7%
老挝 沙湾拿吉
7%
老挝 公河
7%
马尔代夫 阿杜
7%
蒙古 后杭爱
7%
蒙古 达尔汗乌拉
7%
蒙古 中戈壁
7%
蒙古 戈壁苏木贝尔
7%
蒙古 库苏古尔
7%
蒙古 前杭爱
7%
蒙古 乌布苏
7%
缅甸 勃固
7%
缅甸 马圭
7%
缅甸 德林达依
7%
尼泊尔 巴格马蒂
7%
尼泊尔 卡尔纳利
7%
尼泊尔 柯西
7%
尼泊尔 蓝毗尼
7%
尼泊尔 远西
7%
巴基斯坦 地区 自由克什米尔
7%
巴勒斯坦 杰宁
7%
巴勒斯坦 拉马拉和比雷
7%
菲律宾 自治区 邦萨摩洛
7%
菲律宾 大区 中央吕宋
7%
菲律宾 大区 达沃
7%
菲律宾 大区 南哥苏萨桑
7%
菲律宾 大区 三宝颜半岛
7%
俄罗斯 克麦罗沃
7%
俄罗斯 托木斯克
7%
俄罗斯 边疆区 后贝加尔
7%
斯里兰卡 北中
7%
叙利亚 代尔祖尔
7%
叙利亚 哈马
7%
叙利亚 霍姆斯
7%
叙利亚 拉塔基亚
7%
叙利亚 大马士革农村
7%
泰国 猜纳
7%
泰国 猜也奔
7%
泰国 南邦
7%
泰国
7%
泰国 佛统
7%
泰国 那空帕农
7%
泰国 呵叻
7%
泰国 那空沙旺
7%
泰国 那拉提瓦
7%
泰国 碧差汶
7%
泰国 彭世洛
7%
泰国
7%
泰国 班武里
7%
泰国 北揽
7%
泰国 乌汶
7%
泰国 乌隆
7%
泰国 也拉
7%
土耳其 阿达纳
7%
土耳其 安塔利亚
7%
土耳其 布尔萨
7%
土耳其 埃迪尔内
7%
土耳其 埃尔祖鲁姆
7%
土耳其 屈塔希亚
7%
土耳其 特拉布宗
7%
土库曼斯坦 巴尔坎
7%
乌兹别克斯坦 纳曼干
7%
乌兹别克斯坦 锡尔河
7%
乌兹别克斯坦 共和国 卡拉卡尔帕克斯坦
7%
越南 安江
7%
越南 得乐
7%
越南 嘉莱
7%
越南 河静
7%
越南 义安
7%
越南 宁平
7%
越南 富寿
7%
越南 广治
7%
也门 荷台达
7%
也门 哈德拉毛
7%
也门 马里卜
7%
阿富汗 巴德吉斯
0%
阿富汗 巴格兰
0%
阿富汗 巴尔赫
0%
阿富汗 戴孔迪
0%
阿富汗 法拉
0%
阿富汗 法利亚布
0%
阿富汗 加兹尼
0%
阿富汗 古尔
0%
阿富汗 赫尔曼德
0%
阿富汗 朱兹詹
0%
阿富汗 卡比萨
0%
阿富汗 霍斯特
0%
阿富汗 库纳尔
0%
阿富汗 拉格曼
0%
阿富汗 卢格尔
0%
阿富汗 楠格哈尔
0%
阿富汗 尼姆鲁兹
0%
阿富汗 努尔斯坦
0%
阿富汗 帕克蒂亚
0%
阿富汗 帕克蒂卡
0%
阿富汗 潘杰希尔
0%
阿富汗 帕尔旺
0%
阿富汗 萨曼甘
0%
阿富汗 萨尔普勒
0%
阿富汗 塔哈尔
0%
阿富汗 乌鲁兹甘
0%
阿富汗 瓦尔达克
0%
阿富汗 扎布尔
0%
亚美尼亚 阿拉加措特恩
0%
亚美尼亚 阿拉拉特
0%
亚美尼亚 阿尔马维尔
0%
亚美尼亚 格加尔库尼克
0%
亚美尼亚 科泰克
0%
亚美尼亚 洛里
0%
亚美尼亚 希拉克
0%
亚美尼亚 休尼克
0%
亚美尼亚 塔武什
0%
亚美尼亚 瓦约茨·佐尔
0%
阿塞拜疆 占贾
0%
阿塞拜疆 汉肯德
0%
阿塞拜疆 连科兰
0%
阿塞拜疆 明盖恰乌尔
0%
阿塞拜疆 纳夫塔兰
0%
阿塞拜疆 舍基
0%
阿塞拜疆 希尔万
0%
阿塞拜疆 苏姆盖特
0%
阿塞拜疆 叶夫拉赫
0%
阿塞拜疆 阿布歇隆
0%
阿塞拜疆 阿格达什
0%
阿塞拜疆 阿格达姆
0%
阿塞拜疆 阿格达拉
0%
阿塞拜疆 阿格贾贝迪
0%
阿塞拜疆 阿克斯塔法
0%
阿塞拜疆 阿赫苏
0%
阿塞拜疆 阿斯塔拉
0%
阿塞拜疆 巴拉肯
0%
阿塞拜疆 巴尔达
0%
阿塞拜疆 贝拉甘
0%
阿塞拜疆 比利亚苏瓦尔
0%
阿塞拜疆 达什卡桑
0%
阿塞拜疆 菲祖利
0%
阿塞拜疆 凯达贝克
0%
阿塞拜疆 戈布斯坦
0%
阿塞拜疆 戈兰博伊
0%
阿塞拜疆 盖奥克恰伊
0%
阿塞拜疆 盖戈里
0%
阿塞拜疆 哈吉加布尔
0%
阿塞拜疆 伊米什利
0%
阿塞拜疆 伊斯梅尔雷
0%
阿塞拜疆 杰布拉伊尔
0%
阿塞拜疆 贾利拉巴德
0%
阿塞拜疆 克尔巴贾尔
0%
阿塞拜疆 哈奇马斯
0%
阿塞拜疆 基兹
0%
阿塞拜疆 霍贾雷
0%
阿塞拜疆 霍贾文
0%
阿塞拜疆 丘尔达米尔
0%
阿塞拜疆 拉钦
0%
阿塞拜疆 连科兰
0%
阿塞拜疆 列里克
0%
阿塞拜疆 马萨雷
0%
阿塞拜疆 涅夫捷恰拉
0%
阿塞拜疆 奥古兹
0%
阿塞拜疆 盖贝莱
0%
阿塞拜疆 卡希
0%
阿塞拜疆 库巴
0%
阿塞拜疆 库巴特雷
0%
阿塞拜疆 库萨雷
0%
阿塞拜疆 萨特雷
0%
阿塞拜疆 萨比拉巴德
0%
阿塞拜疆 萨利扬
0%
阿塞拜疆 萨穆赫
0%
阿塞拜疆 沙布兰
0%
阿塞拜疆 舍基
0%
阿塞拜疆 沙马基
0%
阿塞拜疆 沙姆基尔
0%
阿塞拜疆 舒沙
0%
阿塞拜疆 锡阿赞
0%
阿塞拜疆 泰尔泰尔
0%
阿塞拜疆 塔乌兹
0%
阿塞拜疆 乌贾雷
0%
阿塞拜疆 亚尔德姆雷
0%
阿塞拜疆 叶夫拉赫
0%
阿塞拜疆 扎卡塔雷
0%
阿塞拜疆 赞格兰
0%
阿塞拜疆 扎尔多布
0%
巴林 穆哈拉格
0%
不丹 布姆唐
0%
不丹 楚卡
0%
不丹 达加纳
0%
不丹 加萨
0%
不丹 伦奇
0%
不丹 蒙加尔
0%
不丹 佩马加策尔
0%
不丹 普那卡
0%
不丹 萨姆德鲁琼卡尔
0%
不丹 萨姆奇
0%
不丹 萨潘
0%
不丹 通萨
0%
不丹 奇朗
0%
不丹 旺杜波德朗
0%
不丹 谢姆冈
0%
柬埔寨 班迭棉吉
0%
柬埔寨 磅湛
0%
柬埔寨 磅清扬
0%
柬埔寨 磅士卑
0%
柬埔寨 磅同
0%
柬埔寨 贡布
0%
柬埔寨 干丹
0%
柬埔寨 戈公
0%
柬埔寨 蒙多基里
0%
柬埔寨 奥多棉吉
0%
柬埔寨 拜林
0%
柬埔寨 柏威夏
0%
柬埔寨 波罗勉
0%
柬埔寨 腊塔纳基里
0%
柬埔寨 上丁
0%
柬埔寨 柴桢
0%
柬埔寨 茶胶
0%
柬埔寨 特本克蒙
0%
塞浦路斯 法马古斯塔
0%
塞浦路斯 凯里尼亚
0%
塞浦路斯 拉纳卡
0%
塞浦路斯 利马索尔
0%
塞浦路斯 帕福斯
0%
东帝汶 阿伊莱乌
0%
东帝汶 阿伊纳罗
0%
东帝汶 阿陶罗
0%
东帝汶 包考
0%
东帝汶 博博纳罗
0%
东帝汶 科瓦利马
0%
东帝汶 埃尔梅拉
0%
东帝汶 劳滕
0%
东帝汶 利基卡
0%
东帝汶 马纳图托
0%
东帝汶 马努法伊
0%
东帝汶 欧库西
0%
东帝汶 维克克
0%
格鲁吉亚 古利亚
0%
格鲁吉亚 伊梅列季
0%
格鲁吉亚 卡赫季
0%
格鲁吉亚 克维莫-卡尔特里
0%
格鲁吉亚 拉恰-列其呼米和下斯瓦涅季亚
0%
格鲁吉亚 萨梅格列罗-上斯瓦涅季亚
0%
格鲁吉亚 萨姆茨赫-扎瓦赫季
0%
格鲁吉亚 什达-卡尔特里
0%
格鲁吉亚 自治共和国 阿扎尔
0%
印度尼西亚 明古鲁
0%
印度尼西亚 哥伦打洛
0%
印度尼西亚 山地巴布亚
0%
印度尼西亚 占碑
0%
印度尼西亚 楠榜
0%
伊朗 厄尔布尔士
0%
伊朗 恰哈马哈勒-巴赫蒂亚里
0%
伊朗 法尔斯
0%
伊朗 戈勒斯坦
0%
伊朗 哈马丹
0%
伊朗 伊拉姆省
0%
伊朗 克尔曼沙汗
0%
伊朗 博韦艾哈迈德-科吉卢耶
0%
伊朗 洛雷斯坦
0%
伊朗 加兹温
0%
伊朗 塞姆南
0%
伊朗 亚兹德
0%
伊朗 赞詹
0%
伊拉克 安巴尔
0%
伊拉克 卡迪西亚
0%
伊拉克 济加尔
0%
伊拉克 迪亚拉
0%
伊拉克 卡尔巴拉
0%
伊拉克 基尔库克
0%
伊拉克 米桑
0%
伊拉克 穆萨纳
0%
伊拉克 纳杰夫
0%
伊拉克 萨拉赫丁
0%
伊拉克 瓦西特
0%
约旦 阿吉隆
0%
约旦 拜勒加
0%
约旦 伊尔比德
0%
约旦 杰拉什
0%
约旦 卡拉克
0%
约旦 马德巴
0%
约旦 马夫拉克
0%
约旦 塔菲拉
0%
约旦 扎尔卡
0%
哈萨克斯坦 阿拜
0%
哈萨克斯坦 克孜勒奥尔达
0%
哈萨克斯坦 乌勒套
0%
科威特 艾哈迈迪
0%
科威特 费尔瓦尼耶
0%
科威特 哈瓦利
0%
科威特 杰赫拉
0%
科威特 大穆巴拉克
0%
吉尔吉斯斯坦 巴特肯
0%
吉尔吉斯斯坦 伊塞克湖
0%
吉尔吉斯斯坦 纳伦
0%
老挝 博胶
0%
老挝 波里坎赛
0%
老挝 华潘
0%
老挝 甘蒙
0%
老挝 乌多姆赛
0%
老挝 丰沙里
0%
老挝 沙拉湾
0%
老挝 沙耶武里
0%
老挝 赛宋本
0%
老挝 川圹
0%
黎巴嫩 阿卡
0%
黎巴嫩 巴勒贝克希尔米勒
0%
黎巴嫩 贝卡
0%
黎巴嫩 凯斯莱旺朱拜勒
0%
黎巴嫩 黎巴嫩山
0%
黎巴嫩 纳巴提耶
0%
黎巴嫩 北黎巴嫩
0%
黎巴嫩 南黎巴嫩
0%
马尔代夫 环礁 法迪福卢
0%
马尔代夫 环礁 费利杜
0%
马尔代夫 环礁 哈杜马蒂
0%
马尔代夫 环礁 科卢马杜卢
0%
马尔代夫 环礁 穆拉库
0%
马尔代夫 环礁 北阿里
0%
马尔代夫 环礁 北苏瓦迪瓦
0%
马尔代夫 环礁 北马洛斯马杜卢
0%
马尔代夫 环礁 北米拉杜马杜卢
0%
马尔代夫 环礁 北尼兰杜
0%
马尔代夫 环礁 北蒂拉杜马蒂
0%
马尔代夫 环礁 南阿里
0%
马尔代夫 环礁 南苏瓦迪瓦
0%
马尔代夫 环礁 南马洛斯马杜卢
0%
马尔代夫 环礁 南米拉杜马杜卢
0%
马尔代夫 环礁 南尼兰杜
0%
马尔代夫 富阿莫拉
0%
马尔代夫 环礁 南蒂拉杜马蒂
0%
蒙古 巴彦乌列盖
0%
蒙古 布尔干
0%
蒙古 肯特
0%
蒙古 鄂尔浑
0%
蒙古 色楞格
0%
蒙古 扎布汗
0%
尼泊尔 甘达基
0%
阿曼 内地
0%
阿曼 扎希拉
0%
阿曼 布赖米
0%
阿曼 佐法尔
0%
阿曼 穆桑达姆
0%
巴勒斯坦 希伯伦
0%
巴勒斯坦 杰里科
0%
巴勒斯坦 纳布卢斯
0%
巴勒斯坦 盖勒吉利耶
0%
巴勒斯坦 萨尔费特
0%
巴勒斯坦 图巴斯
0%
巴勒斯坦 图勒凯尔姆
0%
菲律宾 大区 比科尔
0%
菲律宾 大区 卡加延河谷
0%
菲律宾 大区 甲拉巴松
0%
菲律宾 大区 卡拉加
0%
菲律宾 大区 中米沙鄢
0%
菲律宾 大区 科迪勒拉
0%
菲律宾 大区 东米沙鄢
0%
菲律宾 大区 伊罗戈斯
0%
菲律宾 大区 民马罗巴
0%
菲律宾 大区 内格罗斯
0%
菲律宾 大区 北棉兰老
0%
菲律宾 大区 西米沙鄢
0%
卡塔尔 宰阿因
0%
卡塔尔 豪尔
0%
卡塔尔 赖扬
0%
卡塔尔 沃克拉
0%
卡塔尔 乌姆锡拉勒
0%
俄罗斯 自治区 汉特-曼西
0%
俄罗斯 库尔干
0%
俄罗斯 斯维尔德洛夫斯克
0%
俄罗斯 共和国 哈卡斯
0%
沙特阿拉伯 巴哈
0%
沙特阿拉伯 焦夫
0%
沙特阿拉伯 卡西姆
0%
沙特阿拉伯 阿西尔
0%
沙特阿拉伯 哈伊勒
0%
沙特阿拉伯 吉赞
0%
沙特阿拉伯 纳季兰
0%
沙特阿拉伯 泰布克
0%
斯里兰卡 萨巴拉加穆瓦
0%
斯里兰卡 乌瓦
0%
叙利亚 哈塞克
0%
叙利亚 苏韦达
0%
叙利亚 德拉
0%
叙利亚 库奈特拉
0%
叙利亚 拉卡
0%
叙利亚 塔尔图斯
0%
塔吉克斯坦 区级市 希萨尔
0%
塔吉克斯坦 区级市 罗贡
0%
塔吉克斯坦 区级市 图尔孙扎德
0%
塔吉克斯坦 区级市 瓦赫达特
0%
塔吉克斯坦 菲扎巴德
0%
塔吉克斯坦 拉赫什
0%
塔吉克斯坦 努罗伯德
0%
塔吉克斯坦 拉什特
0%
塔吉克斯坦 鲁达基
0%
塔吉克斯坦 桑格沃尔
0%
塔吉克斯坦 沙赫里瑙
0%
塔吉克斯坦 塔吉卡巴德
0%
塔吉克斯坦 瓦尔佐布
0%
塔吉克斯坦 哈特隆
0%
塔吉克斯坦 索格特
0%
泰国 安纳乍能
0%
泰国 汶干
0%
泰国 尖竹汶
0%
泰国 春蓬
0%
泰国 加拉信
0%
泰国 甘烹碧
0%
泰国 北碧
0%
泰国 南奔
0%
泰国 华富里
0%
泰国 夜丰颂
0%
泰国 玛哈沙拉堪
0%
泰国 莫达限
0%
泰国 那空那育
0%
泰国 那空是贪玛叻
0%
泰国 农布阿兰普
0%
泰国 廊开
0%
泰国 巴吞他尼
0%
泰国 攀牙
0%
泰国 博他仑
0%
泰国 帕夭
0%
泰国 碧武里
0%
泰国 披集
0%
泰国 巴真
0%
泰国 拉廊
0%
泰国 叻丕
0%
泰国 黎逸
0%
泰国 沙缴
0%
泰国 沙功那空
0%
泰国 龙仔厝
0%
泰国 夜功
0%
泰国 北标
0%
泰国 沙敦
0%
泰国 信武里
0%
泰国 素可泰
0%
泰国 素攀武里
0%
泰国 素叻
0%
泰国 素林
0%
泰国 董里
0%
泰国 达叻
0%
泰国 乌泰他尼
0%
泰国 程逸
0%
泰国 也梭通
0%
土耳其 阿德亚曼
0%
土耳其 阿菲永
0%
土耳其 阿克萨赖
0%
土耳其 阿马西亚
0%
土耳其 阿尔达罕
0%
土耳其 阿尔特温
0%
土耳其 艾登
0%
土耳其 巴勒克埃西尔
0%
土耳其 巴尔腾
0%
土耳其 巴特曼
0%
土耳其 巴伊布尔特
0%
土耳其 比莱吉克
0%
土耳其 宾格尔
0%
土耳其 比特利斯
0%
土耳其 博卢
0%
土耳其 布尔杜尔
0%
土耳其 恰纳卡莱
0%
土耳其 昌克勒
0%
土耳其 乔鲁姆
0%
土耳其 代尼兹利
0%
土耳其 迪亚巴克尔
0%
土耳其 迪兹杰
0%
土耳其 埃拉泽
0%
土耳其 埃尔津詹
0%
土耳其 埃斯基谢希尔
0%
土耳其 加济安泰普
0%
土耳其 吉雷松
0%
土耳其 居米什哈内
0%
土耳其 哈卡里
0%
土耳其 哈塔伊
0%
土耳其 伊迪尔
0%
土耳其 伊斯帕尔塔
0%
土耳其 卡赫拉曼马拉什
0%
土耳其 卡拉比克
0%
土耳其 卡拉曼
0%
土耳其 卡尔斯
0%
土耳其 卡斯塔莫努
0%
土耳其 开塞利
0%
土耳其 基利斯
0%
土耳其 克勒克卡莱
0%
土耳其 柯克拉雷利
0%
土耳其 克尔谢希尔
0%
土耳其 科贾埃利
0%
土耳其 科尼亚
0%
土耳其 马拉蒂亚
0%
土耳其 马尼萨
0%
土耳其 马尔丁
0%
土耳其 梅尔辛
0%
土耳其 穆拉
0%
土耳其 穆什
0%
土耳其 内夫谢希尔
0%
土耳其 尼代
0%
土耳其 奥尔杜
0%
土耳其 奥斯曼尼菲
0%
土耳其 里泽
0%
土耳其 萨卡里亚
0%
土耳其 萨姆松
0%
土耳其 尚利乌尔法
0%
土耳其 锡尔特
0%
土耳其 锡诺普
0%
土耳其 锡瓦斯
0%
土耳其 锡尔纳克
0%
土耳其 泰基尔达
0%
土耳其 托卡特
0%
土耳其 通杰利
0%
土耳其 乌萨克
0%
土耳其 亚罗法
0%
土耳其 约兹加特
0%
土耳其 宗古尔达克
0%
土库曼斯坦 阿哈尔
0%
土库曼斯坦 达沙古兹
0%
土库曼斯坦 列巴普
0%
阿拉伯联合酋长国 酋长国 阿治曼
0%
阿拉伯联合酋长国 酋长国 富查伊拉
0%
阿拉伯联合酋长国 酋长国 哈伊马角
0%
阿拉伯联合酋长国 酋长国 乌姆盖万
0%
乌兹别克斯坦 安集延
0%
乌兹别克斯坦 费尔干纳州
0%
乌兹别克斯坦 吉扎克
0%
乌兹别克斯坦 纳沃伊
0%
乌兹别克斯坦 卡什卡达里亚
0%
乌兹别克斯坦 苏尔汉河
0%
越南 同奈
0%
越南 同塔
0%
越南 兴安
0%
越南 庆和
0%
越南 永隆
0%
也门 阿比扬
0%
也门 贝达
0%
也门 焦夫
0%
也门 迈赫拉
0%
也门 迈赫维特
0%
也门 阿姆兰
0%
也门 达利
0%
也门 扎玛尔
0%
也门 哈杰
0%
也门 伊卜
0%
也门 拉赫季
0%
也门 赖马
0%
也门 萨达
0%
也门 舍卜沃
0%
也门 塔伊兹
0%
No matching quizzes found
Score Distribution
Percent of People with Each Score
Percentile by Number Answered
Your Score History
You have not taken this quiz